00474nam a2200181Ia 4500001001000000003000500010008004100015010001100056020002200067040000900089082001800098100001700116245004300133260002400176300001100200500004000211650004100251Para_9762CHAP220125s2003 xx 000 0 und d a198598 a978-607-7835-07-3 cCHAP aPA 613.25 S43 aSears, Barry aUna semana en la zona /c Barry Sears aMéxico :b Urano a168 p. aTitulo original: A week in the zone aDietas de reducción x Nutrición